[Event "Caracas FVA 80th Ann"]
[Site "Caracas"]
[Date "2015.12.17"]
[Round "4"]
[White "Porcarelli, Franco"]
[Black "Blanco, Juan"]
[Result "0-1"]
[WhiteElo "1810"]
[BlackElo "1978"]
[PlyCount "94"]
[EventDate "2015.12.16"]
[EventType "swiss"]
[EventRounds "8"]
[EventCountry "VEN"]
[SourceTitle "EXT 2018"]
[Source "ChessBase"]
[SourceDate "2017.10.13"]
[SourceVersion "1"]
[SourceVersionDate "2017.10.13"]
[SourceQuality "1"]

1. e4 c5 2. Nf3 d6 3. d4 cxd4 4. Nxd4 Nf6 5. Nc3 Nc6 6. f3 e5 7. Nb3 Be6 8. Be3 Be7 9. Qd2 d5 10. exd5 Nxd5 11. Nxd5 Qxd5 12. Qxd5 Bxd5 13. 0-0-0 0-0-0 14. Bd3 g6 15. Rhe1 f5 16. c4 Bf7 17. f4 e4 18. Be2 Bf6 19. g4 Kc7 20. g5 Bg7 21. a3 a5 22. Bd2 b6 23. Bc3 Bxc3 24. bxc3 a4 25. Nd4 Na5 26. Nb5+ Kc6 27. Nd4+ Kc5 28. Rd2 Bxc4 29. Red1 Rd6 30. Bxc4 Nxc4 31. Ra2 h6 32. h4 hxg5 33. hxg5 Rh3 34. Ne2 Rxd1+ 35. Kxd1 Rh1+ 36. Kc2 Ne3+ 37. Kb2 Kc4 38. Nc1 Nd5 39. Ne2 Rh2 40. Kc1 Nxf4 41. Kd1 Rxe2 42. Rxe2 Nxe2 43. Kxe2 Kxc3 44. Ke3 b5 45. Kf4 Kd4 46. Kg3 Ke3 47. Kg2 f4 0-1